01152 2200517 4500001002100000005001500021035002000036007000300056008004100059020002200100082000800122084001400130100001200144245004100156260003100197300003000228650001200258990001300270990001300283990001300296990001300309990001300322990001300335990001300348990001300361990001300374990001300387990001300400990001300413990001300426990001300439990001300452990001300465990001300478990001300491990001300504990001300517990001300530990001300543990001300556990001300569990001300582990001300595990001300608990001300621INLIS00000000000096020230225064554 a0010-0223000185ta230225 g 0 ind  a978-602-254-175-2 a330 a330 ALA e0 aAlam S.1 aEkonomi kelas X Peminatan /cAlam S. aJakarta :bErlangga,c2016 a419 hlm. :bIlus ;c25 cm 4aEkonomi a15671567 a15671567 a15671567 a15671567 a15671567 a15671567 a15671567 a15671567 a15671567 a15671567 a15671567 a15671567 a15671567 a15671567 a15671567 a15671567 a15671567 a15671567 a15671567 a15671567 a15671567 a15671567 a15671567 a15671567 a15671567 a15671567 a15671567 a15671567